[Event "DRUGA LIGA SRBIJE-GRUPA VOJVODINA 2016"]
[Site "Kac"]
[Date "2016.11.16"]
[Round "2.1"]
[White "Csonka, Balazs"]
[Black "Cabarkapa, Novak"]
[Result "1/2-1/2"]
[WhiteElo "2398"]
[BlackElo "2413"]
[PlyCount "21"]
[EventDate "2016.11.15"]

1. d4 Nf6 2. c4 g6 3. Nc3 Bg7 4. e4 d6 5. Nf3 O-O 6. Be2 e5 7. O-O Na6 8. Be3
Qe7 9. dxe5 dxe5 10. Nd5 Qd8 11. Nxf6+ 1/2-1/2

[Event "DRUGA LIGA SRBIJE-GRUPA VOJVODINA 2016"]
[Site "Kac"]
[Date "2016.11.16"]
[Round "2.1"]
[White "Parezanin, Darko"]
[Black "Kopasz, Robert"]
[Result "1/2-1/2"]
[WhiteElo "2278"]
[BlackElo "2260"]
[PlyCount "75"]
[EventDate "2016.11.15"]

1. e4 e5 2. Bc4 Nf6 3. d3 Bc5 4. Nf3 d6 5. c3 O-O 6. Bg5 Bb6 7. Nbd2 Nc6 8. b4
a6 9. Bb3 Be6 10. Nc4 Ba7 11. Ne3 Ne7 12. Bxf6 gxf6 13. Nh4 Ng6 14. Nhf5 Kh8
15. g3 Ne7 16. Nh6 Ng8 17. Nhf5 Ne7 18. Nxe7 Qxe7 19. Qf3 c6 20. O-O Rad8 21.
Kh1 Rg8 22. Rad1 Bxe3 23. Bxe6 fxe6 24. fxe3 Rdf8 25. Rd2 f5 26. Rdf2 Qg5 27.
d4 exd4 28. exd4 Rf7 29. d5 cxd5 30. exd5 e5 31. c4 f4 32. Rg2 Rgf8 33. c5 Qe7
34. cxd6 Qxd6 35. Qe4 fxg3 36. Rxf7 Rxf7 37. Rxg3 Qf6 38. Rg1 1/2-1/2

[Event "DRUGA LIGA SRBIJE-GRUPA VOJVODINA 2016"]
[Site "Kac"]
[Date "2016.11.16"]
[Round "2.1"]
[White "Simonyi, Zoltan"]
[Black "Banovic, Ivan"]
[Result "1/2-1/2"]
[WhiteElo "2202"]
[BlackElo "2208"]
[PlyCount "111"]
[EventDate "2016.11.15"]

1. d4 Nf6 2. Nf3 g6 3. b4 Bg7 4. Bb2 O-O 5. e3 d6 6. Nbd2 Nbd7 7. Be2 e5 8.
dxe5 Ng4 9. Nc4 Ngxe5 10. Nfxe5 Nxe5 11. Nxe5 Bxe5 12. Bxe5 dxe5 13. Qxd8 Rxd8
14. Bd3 a5 15. b5 Be6 16. a4 Rd6 17. O-O-O Bd5 18. f3 Rad8 19. Be2 b6 20. Rd3
Kf8 21. Rc3 R8d7 22. Rd1 Ke7 23. Bc4 Bxc4 24. Rxd6 Rxd6 25. Rxc4 Kd7 26. g4 h6
27. f4 f6 28. Re4 Ke6 29. Rc4 Kd7 30. Re4 Rd5 31. Rc4 exf4 32. Rxf4 f5 33. h3
fxg4 34. hxg4 Re5 35. Kd2 h5 36. gxh5 gxh5 37. Kd3 Kd6 38. Kd4 Re6 39. Rh4 Rh6
40. Ke4 c6 41. bxc6 Kxc6 42. Kf5 b5 43. axb5+ Kxb5 44. e4 a4 45. e5 a3 46. e6
a2 47. Rh1 Kb4 48. e7 Rh8 49. Ke6 Kc3 50. Kd7 h4 51. e8=Q Rxe8 52. Kxe8 Kb2 53.
c4 a1=Q 54. Rxa1 Kxa1 55. c5 h3 56. c6 1/2-1/2

[Event "DRUGA LIGA SRBIJE-GRUPA VOJVODINA 2016"]
[Site "Kac"]
[Date "2016.11.16"]
[Round "2.1"]
[White "Remecki, Sinisa"]
[Black "Kecskemeti, Arpad"]
[Result "0-1"]
[WhiteElo "2188"]
[BlackElo "2216"]
[PlyCount "60"]
[EventDate "2016.11.15"]

1. e4 c5 2. Nf3 d6 3. Bb5+ Bd7 4. Bxd7+ Qxd7 5. O-O g6 6. d4 cxd4 7. Nxd4 Bg7
8. Nc3 Nc6 9. Nxc6 bxc6 10. Qd3 Nf6 11. h3 O-O 12. Bg5 h6 13. Be3 Qb7 14. Rab1
Rfd8 15. f4 d5 16. exd5 Nxd5 17. Nxd5 Rxd5 18. Qa3 Rad8 19. b4 a6 20. Qb3 e6
21. a4 Bd4 22. c4 Bxe3+ 23. Qxe3 Rd4 24. Rfc1 Rd2 25. Qc5 Qd7 26. Kh1 Ra2 27.
a5 Qd2 28. Qxc6 Rd3 29. Kh2 Qxf4+ 30. Kg1 Rxh3 0-1

[Event "DRUGA LIGA SRBIJE-GRUPA VOJVODINA 2016"]
[Site "Kac"]
[Date "2016.11.16"]
[Round "2.1"]
[White "Nagy, Attila N"]
[Black "Ilincic, Aleksa"]
[Result "1/2-1/2"]
[WhiteElo "2185"]
[BlackElo "2161"]
[PlyCount "29"]
[EventDate "2016.11.15"]

1. e4 d5 2. exd5 Nf6 3. d4 Bg4 4. Be2 Bxe2 5. Qxe2 Qxd5 6. Nf3 e6 7. O-O Nc6 8.
Nc3 Qf5 9. Qb5 Qxb5 10. Nxb5 O-O-O 11. Be3 a6 12. Nc3 h6 13. Rfd1 g5 14. a3 Bg7
15. Ne2 1/2-1/2

[Event "DRUGA LIGA SRBIJE-GRUPA VOJVODINA 2016"]
[Site "Kac"]
[Date "2016.11.16"]
[Round "2.1"]
[White "Kostic, Filip"]
[Black "Vranic, Ljubomir"]
[Result "0-1"]
[WhiteElo "2185"]
[BlackElo "2168"]
[PlyCount "112"]
[EventDate "2016.11.15"]

1. d4 Nf6 2. c4 e6 3. Nf3 Bb4+ 4. Bd2 Qe7 5. g3 O-O 6. Bg2 Bxd2+ 7. Qxd2 d6 8.
Nc3 e5 9. O-O Bg4 10. Qe3 Nc6 11. dxe5 Nxe5 12. Nxe5 Qxe5 13. Qxe5 dxe5 14.
Bxb7 Rab8 15. Bf3 Bxf3 16. exf3 Rxb2 17. Nb5 c6 18. Nxa7 Rb6 19. Rfb1 Ra6 20.
Rb7 Ra8 21. Rab1 Kf8 22. Rb8+ Rxb8 23. Rxb8+ Ke7 24. Rb7+ Nd7 25. Nc8+ Ke6 26.
Rb2 Ra8 27. Nb6 Rb8 28. Na4 Rxb2 29. Nxb2 Kd6 30. Na4 Nc5 31. Nc3 f5 32. Kg2
Nd3 33. Na4 Ne1+ 34. Kf1 Nxf3 35. Ke2 Nxh2 36. Nb6 g5 37. a4 g4 38. a5 Kc7 39.
c5 Kb7 40. Nc4 Nf3 41. Nd6+ Ka6 42. Nxf5 Kxa5 43. Nh6 Nh2 44. Nf7 Nf3 45. Nh6
Nh2 46. Nf7 Kb4 47. Nxe5 Kxc5 48. Nd7+ Kd4 49. Nf6 c5 50. Nxh7 c4 51. Kd2 Nf3+
52. Kc2 c3 53. Nf6 Ne5 54. Ne8 Nd3 55. Nd6 Nb4+ 56. Kd1 Kd3 0-1

[Event "DRUGA LIGA SRBIJE-GRUPA VOJVODINA 2016"]
[Site "Kac"]
[Date "2016.11.16"]
[Round "2.2"]
[White "Milankov, Vladimir"]
[Black "Pezelj, Novak"]
[Result "0-1"]
[WhiteElo "1963"]
[BlackElo "2447"]
[PlyCount "60"]
[EventDate "2016.11.15"]

1. e4 c5 2. Nf3 Nc6 3. d4 cxd4 4. Nxd4 Qc7 5. c3 Nf6 6. f3 e6 7. Be2 a6 8. b3
Bd6 9. g3 b5 10. Nxc6 dxc6 11. Be3 h5 12. Bf2 h4 13. Rg1 hxg3 14. hxg3 Rh3 15.
Bf1 Rh2 16. Nd2 Rxf2 17. Kxf2 Bc5+ 18. Kg2 Bxg1 19. Kxg1 Qxg3+ 20. Bg2 Qe5 21.
Rc1 Qc5+ 22. Kf1 Nh5 23. Qe1 Qg5 24. Qf2 Bb7 25. Rd1 O-O-O 26. Ke1 Rd3 27. Nb1
Re3+ 28. Kf1 Ng3+ 29. Kg1 Re2 30. Qd4 Rxg2+ 0-1

[Event "DRUGA LIGA SRBIJE-GRUPA VOJVODINA 2016"]
[Site "Kac"]
[Date "2016.11.16"]
[Round "2.2"]
[White "Varga, Zoltan"]
[Black "Vujovic, Milorad M"]
[Result "1-0"]
[WhiteElo "2418"]
[BlackElo "2069"]
[PlyCount "97"]
[EventDate "2016.11.15"]

1. e4 c6 2. c4 d6 3. d4 c5 4. Nf3 cxd4 5. Nxd4 Nf6 6. Nc3 g6 7. f3 Bg7 8. Be3
O-O 9. Qd2 Nc6 10. Nc2 Re8 11. Be2 b6 12. O-O Bb7 13. Rac1 Rc8 14. Rfd1 Na5 15.
b3 Nc6 16. Ne1 Qc7 17. Nd3 Rcd8 18. Bf1 Nd7 19. Nf2 Nc5 20. Ng4 Ne6 21. Nh6+
Kf8 22. Qf2 Ne5 23. Qh4 f6 24. f4 Nf7 25. Nxf7 Kxf7 26. f5 Nf8 27. b4 e6 28.
fxe6+ Rxe6 29. c5 dxc5 30. Nb5 Qe7 31. Bc4 a6 32. Nc3 cxb4 33. Nd5 Bxd5 34.
exd5 Red6 35. Bxb6 Rc8 36. Bb3 Rxc1 37. Rxc1 Nd7 38. Re1 Ne5 39. Bc5 a5 40. Kh1
Qc7 41. Bxd6 Qxd6 42. Qd4 Bf8 43. Rc1 Kg7 44. Qa7+ Be7 45. Qxa5 Ng4 46. Qc7
Nf2+ 47. Kg1 Nd3 48. Qxd6 Bxd6 49. Rc6 1-0

[Event "DRUGA LIGA SRBIJE-GRUPA VOJVODINA 2016"]
[Site "Kac"]
[Date "2016.11.16"]
[Round "2.2"]
[White "Vincilov, Dusan"]
[Black "Farkas, Tibor"]
[Result "0-1"]
[WhiteElo "2277"]
[BlackElo "2272"]
[PlyCount "86"]
[EventDate "2016.11.15"]

1. d4 Nf6 2. Nf3 g6 3. e3 Bg7 4. Bd3 O-O 5. Nbd2 d6 6. O-O Nbd7 7. Qe2 e5 8.
dxe5 dxe5 9. e4 Nh5 10. g3 Nc5 11. Bc4 Bh3 12. Rd1 Qf6 13. Nf1 Bg4 14. Kg2 Rad8
15. Rxd8 Rxd8 16. Ne3 Bxf3+ 17. Qxf3 Qxf3+ 18. Kxf3 Nf6 19. Nd5 Nfxe4 20. b4
Nd6 21. Bg5 e4+ 22. Ke2 Bxa1 23. Bxd8 Nxc4 24. bxc5 c6 25. Bf6 cxd5 26. Bxa1 f5
27. Bd4 a6 28. a4 Kf7 29. Kd1 g5 30. Ke2 h5 31. f3 f4 32. gxf4 gxf4 33. Bc3 Ke6
34. Bg7 Ne5 35. Bh6 exf3+ 36. Kf1 Kf5 37. Bg7 Ke4 38. Bxe5 Kxe5 39. Kf2 Ke4 40.
h4 a5 41. Kf1 Ke3 42. Ke1 d4 43. Kf1 f2 0-1

[Event "DRUGA LIGA SRBIJE-GRUPA VOJVODINA 2016"]
[Site "Kac"]
[Date "2016.11.16"]
[Round "2.2"]
[White "Jesenski, Tibor"]
[Black "Tomic, Zivan"]
[Result "1-0"]
[WhiteElo "2345"]
[BlackElo "2058"]
[PlyCount "51"]
[EventDate "2016.11.15"]

1. d4 Nf6 2. Nf3 d6 3. c4 Nbd7 4. g3 g6 5. Bg2 Bg7 6. O-O O-O 7. Nc3 c6 8. e4
e5 9. h3 Re8 10. Be3 Qc7 11. Qc2 a6 12. a4 Nf8 13. Rfd1 N6d7 14. b3 Rb8 15. Rd2
Qa5 16. Rad1 Qc7 17. b4 Nf6 18. d5 cxd5 19. cxd5 Bd7 20. Rc1 Rec8 21. Rdd1 Qc4
22. Qb1 a5 23. bxa5 Bxa4 24. Nd2 Bxd1 25. Nxc4 Rxc4 26. Nxd1 1-0

[Event "DRUGA LIGA SRBIJE-GRUPA VOJVODINA 2016"]
[Site "Kac"]
[Date "2016.11.16"]
[Round "2.2"]
[White "Ilicin, Mladen"]
[Black "Kumic, Filip"]
[Result "1-0"]
[WhiteElo "2051"]
[BlackElo "2313"]
[PlyCount "77"]
[EventDate "2016.11.15"]

1. e4 c5 2. Nf3 d6 3. d4 cxd4 4. c3 d3 5. Bxd3 Nf6 6. O-O Nc6 7. h3 g6 8. Re1
Bg7 9. Qe2 Nd7 10. Nbd2 O-O 11. Nc4 Nc5 12. Bc2 b5 13. Ne3 b4 14. Nd5 bxc3 15.
Nxc3 Ba6 16. Qd2 Nb4 17. a3 Nxc2 18. Qxc2 Rc8 19. Rd1 Bc4 20. Re1 f5 21. exf5
Rxf5 22. Bg5 Rc7 23. Re3 Ne6 24. Bh4 Bh6 25. Ree1 Qf8 26. Qd1 Nf4 27. Nd4 Qa8
28. Qg4 Rf7 29. Rad1 a6 30. b3 Bxb3 31. Nxb3 Rxc3 32. Nd4 e5 33. Ne6 Nxe6 34.
Qxe6 Bf8 35. Rc1 Qc6 36. Bg5 Qc5 37. Rxc3 Qxf2+ 38. Kh2 Qxe1 39. Rf3 1-0

[Event "DRUGA LIGA SRBIJE-GRUPA VOJVODINA 2016"]
[Site "Kac"]
[Date "2016.11.16"]
[Round "2.2"]
[White "Arbutina, Sinisa"]
[Black "Strbac, Milan"]
[Result "1-0"]
[WhiteElo "2356"]
[BlackElo "2053"]
[PlyCount "101"]
[EventDate "2016.11.15"]

1. d4 Nf6 2. c4 g6 3. Nc3 Bg7 4. e4 d6 5. f3 Nc6 6. Be3 e5 7. Nge2 O-O 8. d5
Ne7 9. Qd2 Kh8 10. g4 Nfg8 11. O-O-O f5 12. h3 f4 13. Bf2 h6 14. Kb1 Bd7 15.
Nc1 b6 16. Be2 a6 17. b3 Qb8 18. Kb2 Nc8 19. Nd3 Nge7 20. b4 Ng8 21. Rb1 Nce7
22. Nc1 Nc8 23. Nb3 Bf6 24. Ka1 Nce7 25. Rhc1 Nc8 26. Qe1 Kg7 27. Qg1 Bd8 28.
Rb2 Bf6 29. Kb1 Nce7 30. a4 Qe8 31. a5 bxa5 32. Nxa5 Qf7 33. c5 dxc5 34. bxc5
Rfb8 35. Rcc2 Bb5 36. Qd1 Qe8 37. Qd2 Bd7 38. Rxb8 Qxb8+ 39. Rb2 Qe8 40. c6 Bc8
41. Na4 g5 42. Nc5 Ng6 43. Nab7 Be7 44. Nxa6 Bd8 45. Qa5 Qe7 46. Nxd8 Bxa6 47.
Bxa6 Qxd8 48. Rb7 N6e7 49. Ba7 Rc8 50. Rb3 Ra8 51. Bb7 1-0

[Event "DRUGA LIGA SRBIJE-GRUPA VOJVODINA 2016"]
[Site "Kac"]
[Date "2016.11.16"]
[Round "2.3"]
[White "Labus, Vladislav"]
[Black "Drazic, Sinisa"]
[Result "1/2-1/2"]
[WhiteElo "2061"]
[BlackElo "2415"]
[PlyCount "95"]
[EventDate "2016.11.15"]

1. e4 c5 2. Nf3 Nc6 3. d4 cxd4 4. Nxd4 Qb6 5. Nb5 Nf6 6. Be3 Qd8 7. N1c3 d6 8.
f3 a6 9. Nd4 e5 10. Nb3 Be6 11. Nd5 Bxd5 12. exd5 Nb8 13. c4 Be7 14. Bd3 a5 15.
O-O O-O 16. f4 a4 17. Nd2 Nbd7 18. Rc1 exf4 19. Rxf4 Ne5 20. Bb1 Ng6 21. Rf1
Nd7 22. Ne4 f5 23. Nc3 Bg5 24. Bxg5 Qxg5 25. Nb5 Rf6 26. Rc3 Nde5 27. Rg3 Qh4
28. Nd4 f4 29. Rh3 Qg4 30. Qxg4 Nxg4 31. Bxg6 hxg6 32. Ne6 Ne3 33. Rxf4 Rxf4
34. Nxf4 Nxc4 35. Nxg6 Kf7 36. Nh8+ Kg8 37. Ng6 Kf7 38. Nh8+ Kf6 39. Rf3+ Ke5
40. Nf7+ Kxd5 41. b3 axb3 42. axb3 Nb2 43. h4 b5 44. h5 b4 45. g4 Ke4 46. Ng5+
Kd4 47. Ne6+ Ke4 48. Ng5+ 1/2-1/2

[Event "DRUGA LIGA SRBIJE-GRUPA VOJVODINA 2016"]
[Site "Kac"]
[Date "2016.11.16"]
[Round "2.3"]
[White "Stojanovic, Mihajlo"]
[Black "Mandic, Milenko"]
[Result "1-0"]
[WhiteElo "2503"]
[BlackElo "1894"]
[PlyCount "71"]
[EventDate "2016.11.15"]

1. d4 Nf6 2. c4 g6 3. Nc3 Bg7 4. e4 d6 5. Nf3 O-O 6. Be2 Nc6 7. d5 Nb8 8. O-O
Na6 9. Bg5 Nc5 10. Nd2 a5 11. f4 c6 12. Kh1 Qc7 13. f5 h6 14. Be3 Ncd7 15. Nf3
Ng4 16. Bg1 Nge5 17. Nd4 g5 18. h4 Bf6 19. Be3 Kh7 20. hxg5 hxg5 21. Qd2 Rg8
22. g3 Rg7 23. Kg2 Nf8 24. Rh1+ Kg8 25. Rh5 Nh7 26. Rah1 c5 27. Nf3 Nxf3 28.
Bxf3 Qd8 29. Kf1 e6 30. Qh2 exf5 31. Rxh7 Rxh7 32. Qxh7+ Kf8 33. exf5 Bg7 34.
Ne4 f6 35. Qg6 Qe7 36. Bxg5 1-0

[Event "DRUGA LIGA SRBIJE-GRUPA VOJVODINA 2016"]
[Site "Kac"]
[Date "2016.11.16"]
[Round "2.3"]
[White "Radlovacki, Jovan"]
[Black "Ljubisavljevic, Zivojin Z"]
[Result "1-0"]
[WhiteElo "2328"]
[BlackElo "2125"]
[PlyCount "79"]
[EventDate "2016.11.15"]

1. e4 e6 2. d3 c5 3. Nf3 d5 4. Nbd2 Nc6 5. g3 Nf6 6. Bg2 Be7 7. O-O b6 8. Re1
Bb7 9. c3 dxe4 10. dxe4 O-O 11. e5 Ne8 12. Qc2 Qc7 13. h4 Rd8 14. Bf1 g6 15. h5
Ng7 16. g4 gxh5 17. g5 Nf5 18. Bd3 Rxd3 19. Qxd3 Rd8 20. Qe2 Kh8 21. Nf1 Bf8
22. Bf4 Nce7 23. N3d2 Ng6 24. Bh2 h4 25. Ne4 Bg7 26. Rad1 Bxe5 27. Rxd8+ Qxd8
28. Rd1 Qg8 29. Bxe5+ Nxe5 30. f4 Ng6 31. Nf6 Nxf4 32. Qe5 Qxg5+ 33. Ng4+ Kg8
34. Nfe3 Nd5 35. Kh2 h5 36. Nxd5 hxg4 37. Nf6+ Kg7 38. Ne4+ Kg6 39. Nxg5 Kxg5
40. Rd8 1-0

[Event "DRUGA LIGA SRBIJE-GRUPA VOJVODINA 2016"]
[Site "Kac"]
[Date "2016.11.16"]
[Round "2.3"]
[White "Kovacevic, Nikola R"]
[Black "Klasan, Vladimir"]
[Result "0-1"]
[WhiteElo "1698"]
[BlackElo "2387"]
[PlyCount "66"]
[EventDate "2016.11.15"]

1. d4 Nf6 2. Bf4 d6 3. e3 g6 4. Be2 Bg7 5. Nd2 O-O 6. h4 Nc6 7. h5 e5 8. dxe5
dxe5 9. Bg3 Qe7 10. c3 Bf5 11. Qa4 Nxh5 12. Bxh5 gxh5 13. e4 Bg6 14. Ngf3 Rab8
15. a3 b5 16. Qc2 Bh6 17. Bh4 f6 18. Rd1 Kh8 19. O-O Rg8 20. Bg3 Nd8 21. Rfe1
Ne6 22. Nf1 Rbd8 23. Nh4 Rxd1 24. Qxd1 Rd8 25. Qe2 a6 26. Nf5 Bxf5 27. exf5 Ng7
28. f4 h4 29. Bxh4 Bxf4 30. g3 Nxf5 31. Bxf6+ Qxf6 32. gxf4 Rg8+ 33. Kh1 Qh4+
0-1

[Event "DRUGA LIGA SRBIJE-GRUPA VOJVODINA 2016"]
[Site "Kac"]
[Date "2016.11.16"]
[Round "2.3"]
[White "Marinovic, Bozidar"]
[Black "Marceta, Dimitrije"]
[Result "1-0"]
[WhiteElo "2375"]
[BlackElo "1572"]
[PlyCount "49"]
[EventDate "2016.11.15"]

1. e4 c5 2. Nf3 g6 3. c3 Bg7 4. d4 cxd4 5. cxd4 d6 6. h3 Nd7 7. Nc3 a6 8. a4 e6
9. Bd3 Ne7 10. O-O O-O 11. Re1 Nc6 12. d5 Nce5 13. dxe6 Nxf3+ 14. Qxf3 fxe6 15.
Qe2 Ne5 16. Bb1 Qe7 17. Be3 Bd7 18. Ba2 Kh8 19. a5 Rac8 20. Rad1 Nc6 21. Qd2
Nxa5 22. Qxd6 Qxd6 23. Rxd6 Bxc3 24. bxc3 Be8 25. Bxe6 1-0

[Event "DRUGA LIGA SRBIJE-GRUPA VOJVODINA 2016"]
[Site "Kac"]
[Date "2016.11.16"]
[Round "2.4"]
[White "Mikheev, Stanislav"]
[Black "Milanovic, Stanko"]
[Result "1-0"]
[WhiteElo "2281"]
[BlackElo "2150"]
[PlyCount "65"]
[EventDate "2016.11.15"]

1. d4 Nf6 2. c4 c5 3. d5 b5 4. cxb5 a6 5. bxa6 Bxa6 6. g3 d6 7. Bg2 g6 8. b3
Bg7 9. Bb2 Qb6 10. Qc1 O-O 11. Na3 c4 12. Nxc4 Bxc4 13. Qxc4 Ne4 14. Bxe4 Bxb2
15. Rb1 Rxa2 16. Nf3 Na6 17. O-O Nb4 18. Rfd1 f5 19. Bd3 Bf6 20. Rd2 Ra5 21.
Qf4 Rfa8 22. g4 fxg4 23. Qxg4 Ra1 24. Rxa1 Rxa1+ 25. Kg2 Kg7 26. Ng5 Bxg5 27.
Qxg5 Kf7 28. Qh6 Kg8 29. h4 Qd4 30. Bf5 Qg7 31. Be6+ Kh8 32. Qf4 Na6 33. Rc2
1-0

[Event "DRUGA LIGA SRBIJE-GRUPA VOJVODINA 2016"]
[Site "Kac"]
[Date "2016.11.16"]
[Round "2.4"]
[White "Dimitrijevic, Nenad"]
[Black "Veljkovic, Vojislav"]
[Result "1/2-1/2"]
[WhiteElo "2165"]
[BlackElo "2180"]
[PlyCount "20"]
[EventDate "2016.11.15"]

1. Nf3 d5 2. g3 g6 3. Bg2 Bg7 4. O-O e5 5. d3 Ne7 6. e4 O-O 7. Nc3 c6 8. a4 a6
9. a5 h6 10. Re1 Kh7 1/2-1/2

[Event "DRUGA LIGA SRBIJE-GRUPA VOJVODINA 2016"]
[Site "Kac"]
[Date "2016.11.16"]
[Round "2.4"]
[White "Savanovic, Vuk"]
[Black "Mik, Aurel"]
[Result "1-0"]
[WhiteElo "2284"]
[BlackElo "2059"]
[PlyCount "81"]
[EventDate "2016.11.15"]

1. e4 e5 2. Nf3 Nf6 3. Nxe5 d6 4. Nf3 Nxe4 5. d4 d5 6. Bd3 Bd6 7. O-O O-O 8.
Re1 Re8 9. c4 c6 10. Nc3 Nxc3 11. bxc3 Rxe1+ 12. Qxe1 dxc4 13. Bg5 Qf8 14. Bxc4
Nd7 15. Qe4 Nb6 16. Bd3 f5 17. Qe2 Bd7 18. Ne5 Bxe5 19. Qxe5 Re8 20. Qa5 h6 21.
Bd2 Ra8 22. Re1 Qf7 23. Rb1 Qf8 24. Bf4 Qc8 25. Be5 Be6 26. Qa3 Nd7 27. Bxg7
Kxg7 28. Qe7+ Bf7 29. Bxf5 Qe8 30. Qxd7 b6 31. Qc7 Kf8 32. a3 Bd5 33. Qh7 Qh5
34. Qh8+ Kf7 35. Qxa8 Qxf5 36. Qxa7+ Kg6 37. Qxb6 Qg4 38. f3 Bxf3 39. Qb2 Be4
40. Re1 Bd5 41. Qe2 1-0

[Event "DRUGA LIGA SRBIJE-GRUPA VOJVODINA 2016"]
[Site "Kac"]
[Date "2016.11.16"]
[Round "2.4"]
[White "Rajin, Milan"]
[Black "Omorjan, Dejan"]
[Result "0-1"]
[WhiteElo "1995"]
[BlackElo "2235"]
[PlyCount "80"]
[EventDate "2016.11.15"]

1. d4 Nf6 2. e3 g6 3. f4 d5 4. Nf3 Bg7 5. Bd3 Bf5 6. O-O Nbd7 7. b3 O-O 8. Ba3
Bxd3 9. Qxd3 Rc8 10. Nbd2 c5 11. c3 a6 12. Ne5 Qa5 13. Bb2 b5 14. Ndf3 c4 15.
Qe2 Qb6 16. b4 Qb7 17. h3 Nb6 18. Bc1 Ne4 19. Bd2 Ng3 20. Qf2 Nxf1 21. Rxf1 Nd7
22. Qh4 Nf6 23. g4 Ne4 24. g5 e6 25. Ng4 Qe7 26. Qe1 a5 27. a3 axb4 28. axb4
Ra8 29. Kg2 Ra2 30. Nf2 Rfa8 31. Nxe4 dxe4 32. Nh2 Rc2 33. Rf2 Raa2 34. Re2 Qa7
35. Nf1 Rab2 36. Qd1 Qa2 37. Kf2 Rb1 38. Bc1 Rbxc1 39. Rxc2 Rxc2+ 40. Kg3 Rg2+
0-1

[Event "DRUGA LIGA SRBIJE-GRUPA VOJVODINA 2016"]
[Site "Kac"]
[Date "2016.11.16"]
[Round "2.4"]
[White "Krejic, Igor"]
[Black "Miracola, Giorgia"]
[Result "1-0"]
[WhiteElo "2235"]
[BlackElo "1894"]
[PlyCount "87"]
[EventDate "2016.11.15"]

1. e4 c5 2. c3 Nf6 3. e5 Nd5 4. g3 Nc6 5. Bg2 Nb6 6. d4 cxd4 7. cxd4 d6 8. exd6
Qxd6 9. Ne2 g6 10. Nbc3 Bg7 11. d5 Na5 12. O-O O-O 13. Bf4 Qd8 14. Nb5 Bd7 15.
Bc7 Qc8 16. Rc1 Bxb5 17. Bxb6 Qg4 18. Nd4 Qxd1 19. Rfxd1 axb6 20. Nxb5 Bxb2 21.
Rc7 Rfe8 22. d6 exd6 23. Bd5 Rf8 24. Re1 Nc6 25. Rxb7 Nb4 26. Bb3 d5 27. Rb1
Bg7 28. a3 Nd3 29. Bxd5 Rab8 30. Bxf7+ Kh8 31. Rxb8 Rxb8 32. Rd1 Ne5 33. Bb3
Rf8 34. f4 Nc6 35. Rd6 Na5 36. Bd5 Rb8 37. Rd7 Bf8 38. Kg2 Bc5 39. a4 Re8 40.
Nc7 Re2+ 41. Kh3 h5 42. Ne6 Bg1 43. Kh4 Rxh2+ 44. Kg5 1-0

[Event "DRUGA LIGA SRBIJE-GRUPA VOJVODINA 2016"]
[Site "Kac"]
[Date "2016.11.16"]
[Round "2.5"]
[White "Indjic, Dusan"]
[Black "Somborski, Nebojsa"]
[Result "1-0"]
[WhiteElo "2283"]
[BlackElo "2327"]
[PlyCount "69"]
[EventDate "2016.11.15"]

1. d4 d5 2. Nf3 Nf6 3. Bf4 e6 4. e3 c5 5. c3 Nc6 6. Bd3 Bd6 7. Bg3 O-O 8. Nbd2
b6 9. Ne5 Bb7 10. f4 Rc8 11. Bh4 Be7 12. O-O Rc7 13. Qf3 Ne8 14. Bxe7 Qxe7 15.
Qh3 f5 16. g4 Nd6 17. Rf2 cxd4 18. exd4 Ne4 19. Rg2 Nxe5 20. fxe5 Ng5 21. Qh5
g6 22. Qh6 f4 23. Rf1 Qd8 24. h4 f3 25. Rg3 f2+ 26. Rxf2 Rxf2 27. Kxf2 Ne4+ 28.
Bxe4 dxe4 29. Ke3 Qd5 30. h5 Rg7 31. c4 Qa5 32. Qg5 b5 33. Qf6 bxc4 34. Qxe6+
Kh8 35. h6 1-0

[Event "DRUGA LIGA SRBIJE-GRUPA VOJVODINA 2016"]
[Site "Kac"]
[Date "2016.11.16"]
[Round "2.5"]
[White "Strbac, Mladen"]
[Black "Vujadinovic, Goran"]
[Result "1-0"]
[WhiteElo "2318"]
[BlackElo "2338"]
[PlyCount "61"]
[EventDate "2016.11.15"]

1. e4 Nc6 2. Nf3 d6 3. d4 g6 4. Bb5 a6 5. Bxc6+ bxc6 6. c4 Bg7 7. h3 Nf6 8. Nc3
O-O 9. O-O Nd7 10. Bg5 h6 11. Be3 Qe8 12. Qd2 Kh7 13. Ne2 e5 14. Qa5 exd4 15.
Bxd4 Bxd4 16. Nexd4 c5 17. Nb5 Rb8 18. Nc3 Nb6 19. b3 Bb7 20. Rfe1 Qd8 21. Re3
f5 22. Rae1 f4 23. R3e2 g5 24. Nd5 h5 25. e5 Nxd5 26. cxd5 g4 27. exd6 Qxd6 28.
Re7+ Kg8 29. R1e6 Qxd5 30. Rg6+ Kh8 31. Qc3+ 1-0

[Event "DRUGA LIGA SRBIJE-GRUPA VOJVODINA 2016"]
[Site "Kac"]
[Date "2016.11.16"]
[Round "2.5"]
[White "Stanojevic, Branko"]
[Black "Todorovic, Nenad I"]
[Result "1/2-1/2"]
[WhiteElo "2221"]
[BlackElo "2249"]
[PlyCount "98"]
[EventDate "2016.11.15"]

1. d4 Nf6 2. c4 e6 3. Nf3 b6 4. g3 Ba6 5. Qa4 Bb7 6. Bg2 c5 7. e3 Be7 8. O-O
O-O 9. Nc3 Ne4 10. Qc2 Nxc3 11. bxc3 Nc6 12. Ne5 cxd4 13. Nxc6 Bxc6 14. Bxc6 d3
15. Qxd3 dxc6 16. Qe2 Qd6 17. Rd1 Qe5 18. Bb2 Rfd8 19. Rd4 Bc5 20. Rd3 Qe4 21.
Rad1 Rxd3 22. Qxd3 Qxd3 23. Rxd3 Kf8 24. Kf1 Ke7 25. Ke2 f5 26. f4 h6 27. Kf3
g5 28. h3 a5 29. Bc1 gxf4 30. exf4 a4 31. Be3 Bxe3 32. Rxe3 a3 33. g4 fxg4+ 34.
hxg4 Kf6 35. Rd3 Ra4 36. Rd6 Rxc4 37. f5 Rxc3+ 38. Kf4 Rc4+ 39. Kf3 Rc3+ 40.
Kf4 Rc4+ 41. Kf3 Rc2 42. Rxe6+ Kf7 43. Rxh6 Rxa2 44. g5 Rc2 45. Rh7+ Kg8 46.
Rd7 Rc5 47. Rd8+ Kg7 48. Rd7+ Kg8 49. Rd8+ Kg7 1/2-1/2

[Event "DRUGA LIGA SRBIJE-GRUPA VOJVODINA 2016"]
[Site "Kac"]
[Date "2016.11.16"]
[Round "2.5"]
[White "Perisic, Radivoj"]
[Black "Mijatovic, Dejan"]
[Result "1-0"]
[WhiteElo "2276"]
[BlackElo "2248"]
[PlyCount "79"]
[EventDate "2016.11.15"]

1. e4 c6 2. d4 d5 3. exd5 cxd5 4. c4 Nf6 5. Nc3 g6 6. Bg5 Nbd7 7. Nf3 Bg7 8.
cxd5 O-O 9. d6 exd6 10. Be2 Nb6 11. O-O h6 12. Bh4 Bf5 13. Rc1 g5 14. Bg3 Ne4
15. Re1 Nxg3 16. hxg3 Rc8 17. Bd3 Bxd3 18. Qxd3 Qd7 19. b3 a6 20. a4 a5 21. Qb5
g4 22. Qxb6 gxf3 23. gxf3 Rc6 24. Qxa5 Bxd4 25. Qb4 Bc5 26. Qh4 d5 27. b4 Ba7
28. b5 Rg6 29. Kg2 d4 30. Rcd1 Kh7 31. Re7 Qd8 32. Rxf7+ Kh8 33. Qxd8 Rxd8 34.
Rxb7 Bb6 35. Ne4 d3 36. f4 Re6 37. Kf3 Rd4 38. f5 Rexe4 39. Rxb6 d2 40. Rxd2
1-0

[Event "DRUGA LIGA SRBIJE-GRUPA VOJVODINA 2016"]
[Site "Kac"]
[Date "2016.11.16"]
[Round "2.5"]
[White "Kovacevic, Dragan"]
[Black "Vulin, Milorad"]
[Result "1/2-1/2"]
[WhiteElo "2235"]
[BlackElo "2044"]
[PlyCount "72"]
[EventDate "2016.11.15"]

1. e4 c5 2. Nf3 d6 3. Bb5+ Bd7 4. Bxd7+ Qxd7 5. O-O Nc6 6. Re1 e6 7. d4 cxd4 8.
Nxd4 Nf6 9. c4 a6 10. h3 Be7 11. Nxc6 Qxc6 12. Nd2 O-O 13. b3 Rac8 14. Bb2 b5
15. Rc1 Qb7 16. Qf3 bxc4 17. Rxc4 Rxc4 18. Nxc4 Rc8 19. Bxf6 gxf6 20. Re3 Kh8
21. Qh5 Bf8 22. Rg3 Qd7 23. Nb6 Rc1+ 24. Kh2 Qe8 25. Nd7 Bg7 26. Qg4 Qg8 27.
Nxf6 Qf8 28. Nd7 Qg8 29. f4 Rc3 30. Rxc3 Bxc3 31. Qf3 Qc8 32. Nb6 Qc6 33. Nc4
Bd4 34. f5 d5 35. fxe6 dxc4 36. Qg3 Bc5 1/2-1/2

[Event "DRUGA LIGA SRBIJE-GRUPA VOJVODINA 2016"]
[Site "Kac"]
[Date "2016.11.16"]
[Round "2.6"]
[White "Sekulic, Dusan"]
[Black "Czebe, Attila"]
[Result "0-1"]
[WhiteElo "2218"]
[BlackElo "2482"]
[PlyCount "56"]
[EventDate "2016.11.15"]

1. d4 Nf6 2. Nf3 b6 3. c4 Bb7 4. g3 g6 5. Bg2 Bg7 6. O-O O-O 7. d5 e6 8. Nc3
exd5 9. cxd5 Re8 10. Nd4 Na6 11. Ndb5 Bf8 12. Bf4 Nh5 13. Bd2 c6 14. Nd4 Bg7
15. e3 Nf6 16. dxc6 dxc6 17. Nxc6 Qc8 18. Nd4 Bxg2 19. Kxg2 Ng4 20. Ncb5 Qd7
21. h3 Ne5 22. Rc1 Nc5 23. b4 Ncd3 24. Rc7 Qd5+ 25. Kg1 a6 26. Nc3 Qd8 27. Rb7
Qc8 28. Rxb6 Qxh3 0-1

[Event "DRUGA LIGA SRBIJE-GRUPA VOJVODINA 2016"]
[Site "Kac"]
[Date "2016.11.16"]
[Round "2.6"]
[White "Tokovic, Svetozar"]
[Black "Zegarac, Vuk"]
[Result "1/2-1/2"]
[WhiteElo "2258"]
[BlackElo "2233"]
[PlyCount "38"]
[EventDate "2016.11.15"]

1. Nf3 d5 2. c4 c6 3. g3 Nf6 4. Bg2 e6 5. Qc2 Bd6 6. d4 O-O 7. O-O Ne4 8. Nc3
f5 9. Ne5 Nd7 10. Nxd7 Bxd7 11. Nxe4 fxe4 12. Be3 Be8 13. f3 exf3 14. Rxf3 Bg6
15. Qc3 Qe7 16. Raf1 Bh5 17. Rxf8+ Rxf8 18. Bf3 Bg6 19. a3 a6 1/2-1/2